000 00660nam a2200205Ia 4500
003 GCL
008 140319s9999 xx 000 0 ara d
040 _aGCL /
_cGCL
082 0 4 _aق
_b810.972
_bم ا
100 1 _aحسين نصار
245 1 0 _aاخبار مصر:الجزء الاربعون (القسم الادبى) /
_cحسين نصار
700 1 _aمحمد بن عبيدالله ،المسبحى
300 _a148 ص
490 _a100 قصة
_v0
650 0 4 _aمصر
650 0 4 _aالادب العربى - تاريخ
650 0 4 _aالادب الاسلامى
650 0 4 _aالادب العربى - العصر الفاطمى
942 _2ddc
_cBK
999 _c43461
_d43461